Statistics for Famous Americans

Click here to take the quiz!

General Stats

  • This quiz has been taken 155 times
  • The average score is 12 of 15

Answer Stats

Answer% Correct
Donald Trump
100%
George Washington
100%
Abraham Lincoln
99%
Neil Armstrong
95%
Bill Gates
92%
Ronald Reagan
88%
Steve Jobs
87%
Albert Einstein
84%
Tom Cruise
84%
Walt Disney
80%
Madonna
76%
Thomas Jefferson
76%
Thomas Alva Edison
60%
Mark Twain
50%
Maya Angelou
38%

Score Distribution

Percentile by Number Answered

Percent of People with Each Score

Your Score History

You have not taken this quiz